|
|
|
|
| LEADER |
01463nam a2200397Ia 4500 |
| 001 |
EBC3408397 |
| 003 |
MiAaPQ |
| 005 |
20200520144314.0 |
| 006 |
m o d | |
| 007 |
cr cn||||||||| |
| 008 |
030807s2004 nyu sb s001 0 eng d |
| 010 |
|
|
|z 2003061718
|
| 020 |
|
|
|z 0791461351 (alk. paper)
|
| 020 |
|
|
|z 079146136X (pbk. : alk. paper)
|
| 020 |
|
|
|z 9780791461358
|
| 020 |
|
|
|z 9780791484869
|
| 035 |
|
|
|a (MiAaPQ)EBC3408397
|
| 035 |
|
|
|a (Au-PeEL)EBL3408397
|
| 035 |
|
|
|a (CaPaEBR)ebr10594724
|
| 035 |
|
|
|a (OCoLC)62386258
|
| 040 |
|
|
|a MiAaPQ
|c MiAaPQ
|d MiAaPQ
|
| 050 |
|
4 |
|a HC79.E5
|b K88 2004
|
| 082 |
0 |
4 |
|a 338.9/27
|2 22
|
| 100 |
1 |
|
|a Kutting, Gabriela,
|d 1967-
|
| 245 |
1 |
0 |
|a Globalization and the environment
|h [electronic resource] :
|b greening global political economy /
|c Gabriela Kutting.
|
| 260 |
|
|
|a Albany :
|b State University of New York Press,
|c c2004.
|
| 300 |
|
|
|a x, 165 p.
|
| 440 |
|
0 |
|a SUNY series in global politics
|
| 504 |
|
|
|a Includes bibliographical references (p. 139-154) and index.
|
| 533 |
|
|
|a Electronic reproduction. Ann Arbor, MI : ProQuest, 2015. Available via World Wide Web. Access may be limited to ProQuest affiliated libraries.
|
| 650 |
|
0 |
|a Environmental economics.
|
| 650 |
|
0 |
|a Sustainable development.
|
| 650 |
|
0 |
|a Globalization.
|
| 655 |
|
4 |
|a Electronic books.
|
| 710 |
2 |
|
|a ProQuest (Firm)
|
| 856 |
4 |
0 |
|u https://ebookcentral.proquest.com/lib/matrademy/detail.action?docID=3408397
|z Click to View
|